'What' Is That Movie? Quiz Stats

 Plays Quiz Updated Jan 11, 2019

     
Support Sporcle.
Go Orange.
Score 0/20 Timer 07:00
0 Plays Today
Stars Movie % Correct
Mel Gibson, Helen HuntWhat Women Want
75.6%
Cameron Diaz, Ashton KutcherWhat Happens in Vegas
60.9%
Johnny Depp, Leonardo DiCaprioWhat's Eating Gilbert Grape
50.4%
Amanda Bynes, Colin FirthWhat a Girl Wants
44.6%
Bill Murray, Richard DreyfussWhat About Bob?
41%
Michelle Pfeiffer, Harrison FordWhat Lies Beneath
34.5%
Angela Bassett, Laurence FishburneWhat's Love Got to Do with It
23.2%
Bette Davis, Joan CrawfordWhat Ever Happened to Baby Jane?
20.6%
Robin Williams, Cuba Gooding Jr.What Dreams May Come
18.5%
Barbra Streisand, Ryan O'NealWhat's Up, Doc?
14%
Stars Movie % Correct
Larry David, Evan Rachel WoodWhatever Works
8.2%
Martin Lawrence, Danny DeVitoWhat's the Worst That Could Happen?
7.6%
Peter Sellers, Peter O'TooleWhat's New Pussycat
6.3%
Robert De Niro, Sean PennWhat Just Happened
4.6%
Garry Shandling, Annette BeningWhat Planet Are You From?
3.6%
Steve Coogan, Hillary DuffWhat Goes Up
3%
Ethan Hawke, Mark RuffaloWhat Doesn't Kill You
2.1%
Shirley MacLaine, Paul NewmanWhat a Way to Go!
2%
James Cagney, Dan DaileyWhat Price Glory
1.3%
Shane West, Bijou PhillipsWhat We Do Is Secret
1.1%

From the Vault

Movie Cast Match (2010)

by MasterKGlas

Movies 8m
2010: The year that two divas got together to make a movie and no one paid any attention.
Remove Ads.
Support Sporcle.
Get the best of Sporcle when you Go Orange. This ad-free experience offers more features, more stats, and more fun while also helping to support Sporcle. Thank you for becoming a member.

Show Comments

Extras

Top Quizzes Today


Score Distribution

Your Account Isn't Verified!

In order to create a playlist on Sporcle, you need to verify the email address you used during registration. Go to your Sporcle Settings to finish the process.

Report this User

Report this user for behavior that violates our Community Guidelines.

Details: